[Event "AS04 75 Anniversary"]
[Site "Copenhagen"]
[Date "1979.??.??"]
[Round "?"]
[White "Westerinen, Heikki"]
[Black "Wahlbom, Magnus"]
[Result "0-1"]
[WhiteElo "2465"]
[BlackElo "2375"]
[PlyCount "81"]
[EventDate "1979.??.??"]
[EventType "tourn"]
[EventRounds "11"]
[EventCountry "DEN"]
[EventCategory "6"]

1. e4 c5 2. Nf3 e6 3. d4 cxd4 4. Nxd4 Nc6 5. Nc3 d6 6. Be2 Nf6 7. O-O Be7 8.
Be3 O-O 9. f4 Bd7 10. Nb3 a6 11. a4 b6 12. Kh1 Qc7 13. Bf3 Rab8 14. Qe2 Na5 15.
Nd2 b5 16. axb5 axb5 17. e5 Ne8 18. Nce4 Bc8 19. c3 Nc6 20. exd6 Nxd6 21. Nxd6
Bxd6 22. Be4 g6 23. b4 Bb7 24. Nb3 Ne7 25. Nc5 Bc8 26. Ra5 Nf5 27. Bxf5 exf5
28. Rxb5 Ra8 29. Qf3 Ra3 30. Bd4 Re8 31. Nd3 Ba6 32. Rb6 Re4 33. Bc5 Bxc5 34.
bxc5 Bxd3 35. Qxd3 Rxf4 36. Rfb1 Qxc5 37. Qd8+ Kg7 38. Qf6+ Kh6 39. h4 Rg4 40.
R6b4 Qxc3 41. Qxf7 0-1